000 00748nam a2200265Ia 4500
003 OSt
005 20221006151028.0
006 a|||||r|||| 00| 0
007 ta
008 221006b |||||||| |||| 00| 0 jpn d
020 _c¥480
024 _a20,704
037 _bGift, Japan Foundation
_cTextual
040 _aEASL
_cEASL
_bjpn
041 _2jpn
_ajpn
082 _aX:275.42.N5, K6
100 _aSHINOHARA Miyohei
_9385398
245 0 _aKodo seicho no himitsu
_b Nihon keizai 15 ko
260 _aTokyo
_bNihon Keizai Shinbunsha Japan
_c1966
300 _a286p.
_ccm.
490 _v JL
650 _aJL
942 _hX:275.42.N5, K6
_cTEXL
_2CC
999 _c1088790
_d1088790